000 00296nam a22001217a 4500
008 180212b xxu||||| |||| 00| 0 eng d
041 _aeng
080 _a721
100 _a41
101 _aNDE
245 _aScience fundamentals: a background for household equipment
_cPeet,L.J
942 _2udc
_cBK
999 _c42292
_d42292